[Event "ISR-chT"]
[Site "Israel"]
[Date "2007.05.11"]
[Round "11.6"]
[White "Shutzman, Joseph"]
[Black "Klenburg, Mikhail"]
[Result "1/2-1/2"]
[WhiteElo "2264"]
[BlackElo "2401"]
[PlyCount "87"]
[EventDate "2007.01.11"]
[EventType "team"]
[EventRounds "11"]
[EventCountry "ISR"]
[SourceTitle "EXT 2009"]
[Source "ChessBase"]
[SourceDate "2008.11.26"]
[SourceVersion "1"]
[SourceVersionDate "2008.11.26"]
[SourceQuality "1"]
[WhiteTeam "Tel Aviv Moshe Czerniak"]
[BlackTeam "Beer Sheva"]
[WhiteTeamCountry "ISR"]
[BlackTeamCountry "ISR"]

1. e4 d6 2. d4 Nf6 3. Nc3 g6 4. Be3 c6 5. Qd2 Nbd7 6. Nf3 Qc7 7. h3 b5 8. Bd3 Bb7 9. 0-0 Bg7 10. Bh6 0-0 11. Bxg7 Kxg7 12. Rfe1 e5 13. Ne2 c5 14. dxe5 Nxe5 15. Nxe5 dxe5 16. Ng3 c4 17. Qg5 Bc8 18. Bf1 h6 19. Qe3 Be6 20. Red1 Nd7 21. Qa3 Nc5 22. Rd2 a5 23. Rad1 b4 24. Qf3 Na4 25. c3 Rfd8 26. h4 Rxd2 27. Rxd2 Rd8 28. Qe3 Rxd2 29. Qxd2 bxc3 30. bxc3 h5 31. Be2 Qe7 32. Bd1 Nc5 33. Bc2 Qxh4 34. Qd6 Nd7 35. Ba4 Qd8 36. Bxd7 Qxd7 37. Qxe5+ Kh7 38. Qxa5 h4 39. Nf1 h3 40. Qe5 hxg2 41. Ne3 Qa4 42. Kxg2 Qxa2 43. Nd5 Qd2 44. Nf6+ 1/2-1/2

[Event "ISR-chT"]
[Site "Israel"]
[Date "2007.04.27"]
[Round "9.5"]
[White "Kogan, Artur"]
[Black "Shutzman, Joseph"]
[Result "1-0"]
[WhiteElo "2567"]
[BlackElo "2264"]
[PlyCount "135"]
[EventDate "2007.01.11"]
[EventType "team"]
[EventRounds "11"]
[EventCountry "ISR"]
[SourceTitle "EXT 2009"]
[Source "ChessBase"]
[SourceDate "2008.11.26"]
[SourceVersion "1"]
[SourceVersionDate "2008.11.26"]
[SourceQuality "1"]
[WhiteTeam "Ashdod"]
[BlackTeam "Tel Aviv Moshe Czerniak"]
[WhiteTeamCountry "ISR"]
[BlackTeamCountry "ISR"]

1. e4 c5 2. Nf3 Nc6 3. Nc3 e5 4. Bc4 d6 5. d3 Be7 6. Nd2 Bg5 7. h4 Bh6 8. Qh5 g6 9. Qd1 Nf6 10. Nd5 Bg7 11. Nxf6+ Bxf6 12. h5 Be6 13. Nf1 d5 14. exd5 Bxd5 15. Bxd5 Qxd5 16. Ne3 Qe6 17. Qg4 Qxg4 18. Nxg4 Bg7 19. Bg5 h6 20. Bf6 Bxf6 21. Nxf6+ Ke7 22. Ne4 Nd4 23. Kd2 g5 24. Rae1 b6 25. Ng3 f6 26. c3 Ne6 27. Nf5+ Kf7 28. Re4 Rad8 29. g3 Rd7 30. Rhe1 Ng7 31. Nxg7 Kxg7 32. f4 Rhd8 33. R1e3 exf4 34. gxf4 gxf4 35. Rxf4 Kf7 36. Ref3 Rd6 37. b4 cxb4 38. cxb4 Rg8 39. Kc3 Rg5 40. Rc4 a5 41. Rc7+ Ke6 42. Re3+ Kd5 43. b5 Rxh5 44. Re4 Re5 45. Rd4+ Ke6 46. Rxd6+ Kxd6 47. Rc6+ Kd5 48. Rxb6 Kc5 49. Rb8 Re1 50. d4+ Kd6 51. Rb6+ Kd5 52. Ra6 Re3+ 53. Kb2 h5 54. Rxa5 h4 55. Ra6 Rf3 56. Ra8 h3 57. Rd8+ Kc4 58. b6 Rf2+ 59. Ka3 Rf3+ 60. Ka4 Rf2 61. Rc8+ Kxd4 62. b7 Rxa2+ 63. Kb3 Ra1 64. Kb2 h2 65. b8Q h1Q 66. Qf4+ Kd5 67. Rd8+ Kc6 68. Qd6+ 1-0

[Event "Herzliya Steinhart Memorial"]
[Site "Herzliya"]
[Date "2006.12.30"]
[Round "8"]
[White "Deutsch, Eyal"]
[Black "Shutzman, Joseph"]
[Result "1-0"]
[WhiteElo "2363"]
[BlackElo "2255"]
[PlyCount "37"]
[EventDate "2006.12.07"]
[EventType "tourn"]
[EventRounds "9"]
[EventCountry "ISR"]
[EventCategory "7"]
[SourceTitle "EXT 2008"]
[Source "ChessBase"]
[SourceDate "2007.11.25"]
[SourceVersion "1"]
[SourceVersionDate "2007.11.25"]
[SourceQuality "1"]

1. e4 c5 2. Nc3 e6 3. d3 a6 4. g3 b5 5. Bg2 Bb7 6. Nh3 b4 7. Ne2 Nf6 8. 0-0 e5 9. f4 d6 10. Ng5 Be7 11. a3 a5 12. c4 bxc3 13. Qb3 Ba6 14. Qxf7+ Kd7 15. Nxc3 h6 16. Qe6+ Kc7 17. Nf7 Qf8 18. fxe5 Bc8 19. exd6+ 1-0